000 00545nam#a2200217#c#4500
003 IEF
005 20180219154021.0
008 941031s1979 GBR####fr####| 0||u|ENG|u
040 _aIEF
041 _aENG
100 1 _aNewman, John Arthur
_931239
245 _aUnited Kingdom double tax treaties
260 _aLondon
_b Butterworths
_c1979
300 _a128 p.
_c25 cm.
650 4 _aREINO UNIDO
_948241
650 4 _aTRATADOS INTERNACIONALES
_948608
650 4 _aDOBLE IMPOSICION
_942842
942 _cLIB
942 _z9065
999 _c37067
_d37067